[Event "Vitrolles 1112"]
[Site "Vitrolles"]
[Date "2012.02.18"]
[Round "7"]
[White "Milesi, Laurent"]
[Black "Flores, Adrian"]
[Result "1-0"]
[WhiteElo "2137"]
[BlackElo "1899"]
[PlyCount "75"]
[EventDate "2011.10.08"]
[EventType "tourn"]
[EventRounds "9"]
[EventCountry "FRA"]
[SourceTitle "EXT 2014"]
[Source "ChessBase"]
[SourceDate "2013.11.20"]
[SourceVersion "1"]
[SourceVersionDate "2013.11.20"]
[SourceQuality "1"]

1. e4 g6 2. d4 Bg7 3. Nc3 d6 4. Bc4 a6 5. Qf3 e6 6. Nge2 Nc6 7. Be3 b5 8. Bb3 Bb7 9. 0-0-0 Na5 10. Qh3 Nxb3+ 11. axb3 b4 12. Na2 Bxe4 13. Nxb4 a5 14. Nd3 Ne7 15. Nc3 Bc6 16. Rhe1 0-0 17. g4 Nd5 18. Nxd5 Bxd5 19. Bh6 Bxh6+ 20. Qxh6 Qf6 21. Re3 a4 22. Rh3 Qg7 23. Qxg7+ Kxg7 24. bxa4 Rxa4 25. Nf4 Bb7 26. Rc3 c5 27. Ne2 cxd4 28. Rxd4 Ra1+ 29. Kd2 d5 30. Rc7 Ba8 31. f4 Rh1 32. b4 g5 33. b5 Rb8 34. Ra4 Rxh2 35. Raa7 Rf8 36. Ke3 d4+ 37. Nxd4 Rh3+ 38. Kd2 1-0

[Event "Vitrolles 1112"]
[Site "Vitrolles"]
[Date "2011.10.08"]
[Round "1"]
[White "Burmonas, Romain"]
[Black "Milesi, Laurent"]
[Result "0-1"]
[WhiteElo "1838"]
[BlackElo "2111"]
[PlyCount "58"]
[EventDate "2011.10.08"]
[EventType "tourn"]
[EventRounds "9"]
[EventCountry "FRA"]
[SourceTitle "EXT 2014"]
[Source "ChessBase"]
[SourceDate "2013.11.20"]
[SourceVersion "1"]
[SourceVersionDate "2013.11.20"]
[SourceQuality "1"]

1. e4 e6 2. d3 d5 3. Nd2 c5 4. Ngf3 Nc6 5. g3 Nf6 6. Bg2 Be7 7. 0-0 b6 8. c3 Bb7 9. Re1 Qc7 10. Nf1 0-0-0 11. Qc2 h6 12. a3 g5 13. b4 dxe4 14. dxe4 g4 15. N3d2 Ne5 16. Ne3 h5 17. Bb2 c4 18. Red1 h4 19. a4 hxg3 20. hxg3 Rh5 21. Ndf1 Rdh8 22. Nd2 Nfd7 23. Ba3 f5 24. Qa2 Nf6 25. Nexc4 Nxe4 26. Nxe5 Qxe5 27. Re1 Nxd2 28. f4 Qd6 29. b5 Qc5+ 0-1

[Event "FRA-ch op-A"]
[Site "Caen"]
[Date "2011.08.25"]
[Round "9"]
[White "Duboue, Peio"]
[Black "Milesi, Laurent"]
[Result "1-0"]
[WhiteElo "2156"]
[BlackElo "2122"]
[PlyCount "101"]
[EventDate "2011.08.16"]
[EventType "swiss"]
[EventRounds "11"]
[EventCountry "FRA"]
[SourceTitle "CBM 144 Extra"]
[Source "ChessBase"]
[SourceDate "2011.10.28"]
[SourceVersion "1"]
[SourceVersionDate "2011.10.28"]
[SourceQuality "1"]

1. e4 e6 2. d4 d5 3. Nc3 Nc6 4. Nf3 Nf6 5. Bg5 Be7 6. exd5 exd5 7. h3 0-0 8. Qd2 Bf5 9. 0-0-0 Ne4 10. Bxe7 Qxe7 11. Nxe4 dxe4 12. Qf4 Bg6 13. Nh4 Rad8 14. c3 a6 15. Bc4 Na5 16. Nxg6 hxg6 17. Be2 b5 18. h4 Rd5 19. Kb1 Rf5 20. Qe3 Nc4 21. Bxc4 bxc4 22. f3 Rb8 23. Ka1 Rfb5 24. Rd2 f5 25. g3 a5 26. fxe4 a4 27. Re1 a3 28. exf5 axb2+ 29. Kb1 Qxe3 30. Rxe3 Rxf5 31. Re1 Rf3 32. Rxb2 Rd8 33. Rbe2 Rxc3 34. Re8+ Rxe8 35. Rxe8+ Kh7 36. Rc8 Rd3 37. Rxc7 Rxd4 38. Kc2 Rg4 39. a4 Rxg3 40. Rxc4 g5 41. Kb2 Kg6 42. a5 Kh5 43. a6 Rf3 44. hxg5 Kxg5 45. a7 Rf8 46. Kc3 Kf5 47. Rc7 Ke5 48. Rb7 Ra8 49. Rxg7 Kd5 50. Kb4 Kc6 51. Ka5 1-0

[Event "Vitrolles"]
[Site "Vitrolles"]
[Date "2011.01.08"]
[Round "4"]
[White "Lenfant, Francois"]
[Black "Milesi, Laurent"]
[Result "1-0"]
[WhiteElo "2095"]
[BlackElo "2129"]
[PlyCount "97"]
[EventDate "2010.10.09"]
[EventType "tourn"]
[EventRounds "9"]
[EventCountry "FRA"]
[SourceTitle "EXT 2012"]
[Source "ChessBase"]
[SourceDate "2011.11.24"]
[SourceVersion "1"]
[SourceVersionDate "2011.11.24"]
[SourceQuality "1"]

1. d4 b6 2. c4 Bb7 3. Nc3 e6 4. a3 f5 5. d5 Na6 6. g3 Nf6 7. Bg2 Nc5 8. Qc2 a5 9. Nh3 Bd6 10. 0-0 0-0 11. Be3 Be5 12. Rab1 Bxc3 13. Bxc5 bxc5 14. bxc3 Ra7 15. Rfd1 g6 16. dxe6 Bxg2 17. Kxg2 Qa8+ 18. Kg1 dxe6 19. Nf4 Qc6 20. f3 Nd7 21. Rb5 Re8 22. Nd3 Raa8 23. Qd2 Rad8 24. Qe3 Qd6 25. Rxa5 Nb6 26. Qxc5 Qxc5+ 27. Rxc5 Na4 28. Rxc7 Nxc3 29. Re1 Nxe2+ 30. Rxe2 Rxd3 31. f4 Kf8 32. Rxh7 Re7 33. Rxe7 Kxe7 34. Ra2 Kd7 35. a4 Kc7 36. a5 Kb7 37. Re2 Rd6 38. Kg2 Kc7 39. Kh3 Kd7 40. Kh4 Rc6 41. Ra2 Ra6 42. Kg5 Kd6 43. Kxg6 Kc5 44. Ra4 Kd4 45. Kf7 Kc3 46. c5 Kb3 47. Ra1 Kb2 48. Re1 Rxa5 49. c6 1-0

[Event "Vitrolles"]
[Site "Vitrolles"]
[Date "2010.11.06"]
[Round "2"]
[White "Brest, Jean Francois"]
[Black "Milesi, Laurent"]
[Result "1-0"]
[WhiteElo "1920"]
[BlackElo "2129"]
[PlyCount "122"]
[EventDate "2010.10.09"]
[EventType "tourn"]
[EventRounds "9"]
[EventCountry "FRA"]
[SourceTitle "EXT 2012"]
[Source "ChessBase"]
[SourceDate "2011.11.24"]
[SourceVersion "1"]
[SourceVersionDate "2011.11.24"]
[SourceQuality "1"]

1. e4 c5 2. Nf3 e6 3. d4 cxd4 4. Nxd4 a6 5. c4 Nf6 6. Nc3 Qc7 7. a3 b6 8. Be3 Bb7 9. f3 d6 10. Be2 Nbd7 11. 0-0 Be7 12. Qd2 0-0 13. Rfc1 Rac8 14. a4 Rfe8 15. a5 bxa5 16. Nb3 Qb8 17. Nxa5 Ba8 18. Rcb1 d5 19. cxd5 exd5 20. Bxa6 Rcd8 21. exd5 Bb4 22. Nc6 Bxc6 23. dxc6 Rxe3 24. cxd7 Bc5 25. Kh1 Rxd7 26. Qc2 Qe5 27. Ne2 g6 28. Ng3 Nh5 29. Nf1 Qg5 30. b4 Bd4 31. Ra5 Re5 32. Rxe5 Bxe5 33. b5 Rc7 34. Qd2 Qf5 35. Rd1 Rc2 36. Qd8+ Kg7 37. Ne3 Qf4 38. Nf1 Bc7 39. Qd3 Rf2 40. g3 Qf6 41. Bb7 Bb6 42. Rd2 Rxd2 43. Qxd2 Qa1 44. Kg2 Nf6 45. Bc6 h5 46. Ne3 Nh7 47. Nf1 Nf8 48. Bd5 Qa3 49. Bc4 Qc5 50. Qd3 Qf2+ 51. Kh3 Ne6 52. f4 Bc7 53. Qd2 Qf3 54. Be2 Qh1 55. Bc4 Bxf4 56. Qc3+ Kh6 57. gxf4 Nxf4+ 58. Kg3 g5 59. Qf6+ Ng6 60. Kf2 Qe4 61. Bxf7 Qc2+ 1-0

[Event "FRA-chT1 1011"]
[Site "France"]
[Date "2010.10.17"]
[Round "1.5"]
[White "Hamdouchi, Adina Maria"]
[Black "Milesi, Laurent"]
[Result "1/2-1/2"]
[WhiteElo "2318"]
[BlackElo "2158"]
[PlyCount "119"]
[EventDate "2010.10.17"]
[EventType "team-tourn"]
[EventRounds "11"]
[EventCountry "FRA"]
[SourceTitle "EXT 2012"]
[Source "ChessBase"]
[SourceDate "2011.11.24"]
[SourceVersion "1"]
[SourceVersionDate "2011.11.24"]
[SourceQuality "1"]

1. Nf3 b6 2. g3 Bb7 3. Bg2 e6 4. d3 f5 5. Nbd2 Nf6 6. e4 fxe4 7. Ng5 Be7 8. Ngxe4 Nc6 9. h4 0-0 10. Nxf6+ Bxf6 11. Ne4 d5 12. Nxf6+ Qxf6 13. 0-0 Nd4 14. c3 Nf3+ 15. Bxf3 Qxf3 16. Qxf3 Rxf3 17. d4 Raf8 18. Bf4 R8xf4 19. gxf4 Rxf4 20. Rfe1 Rg4+ 21. Kh2 Rxh4+ 22. Kg3 Rh6 23. f3 Ba6 24. Re3 Rg6+ 25. Kf2 Rh6 26. a4 Bc8 27. a5 b5 28. Re2 Bd7 29. Rae1 Kf7 30. b3 Bc6 31. Re5 a6 32. Kg3 Rg6+ 33. Kf2 Rh6 34. Rg1 Rh2+ 35. Rg2 Rh1 36. Re1 Rh4 37. Kg3 Rh6 38. Rge2 Rg6+ 39. Kf4 Rf6+ 40. Kg3 Rg6+ 41. Kf2 Rf6 42. Re5 Rh6 43. Ke3 Rh2 44. Kd3 Bd7 45. c4 bxc4+ 46. bxc4 dxc4+ 47. Kxc4 Kf6 48. Rc5 Rf2 49. Re3 Rc2+ 50. Kb4 Rd2 51. Kc3 Rd1 52. Rd3 Rf1 53. Kb3 h5 54. Rxh5 Bc6 55. Rh8 Ke7 56. Rc3 Kd7 57. Rf8 g5 58. Rg8 Rd1 59. Rg7+ Kd6 60. Rxg5 1/2-1/2

[Event "FRA-ch op-A"]
[Site "Belfort"]
[Date "2010.08.19"]
[Round "9"]
[White "Leroy, Olivier"]
[Black "Milesi, Laurent"]
[Result "1-0"]
[WhiteElo "2085"]
[BlackElo "2148"]
[PlyCount "68"]
[EventDate "2010.08.09"]
[EventType "swiss"]
[EventRounds "11"]
[EventCountry "FRA"]
[SourceTitle "CBM 138 Extra"]
[Source "ChessBase"]
[SourceDate "2010.10.29"]
[SourceVersion "1"]
[SourceVersionDate "2010.10.29"]
[SourceQuality "1"]

1. g3 Nf6 2. c4 c5 3. Bg2 d5 4. cxd5 Nxd5 5. Nc3 Nc7 6. Nf3 Nc6 7. a3 e5 8. b4 cxb4 9. axb4 Bxb4 10. Nxe5 Bxc3 11. Nxc6 bxc6 12. Bxc6+ Bd7 13. Bxd7+ Qxd7 14. dxc3 Qc6 15. Qa4 Nb5 16. 0-0 Rc8 17. Bb2 0-0 18. Rac1 Qc4 19. Qxc4 Rxc4 20. Rfd1 h6 21. Rd7 Rb8 22. Kg2 a5 23. Rcd1 Rb6 24. Rd8+ Kh7 25. Ra8 Nc7 26. Ra7 Rxb2 27. Rd7 Nb5 28. Rab7 Rc6 29. Rxf7 Rg6 30. Rfe7 Rb1 31. c4 Nc3 32. Ra7 Rb4 33. c5 a4 34. h4 Rc4 1-0

[Event "FRA-ch op-A"]
[Site "Belfort"]
[Date "2010.08.14"]
[Round "5"]
[White "Macon, Arthur"]
[Black "Milesi, Laurent"]
[Result "0-1"]
[WhiteElo "2003"]
[BlackElo "2148"]
[PlyCount "80"]
[EventDate "2010.08.09"]
[EventType "swiss"]
[EventRounds "11"]
[EventCountry "FRA"]
[SourceTitle "CBM 138 Extra"]
[Source "ChessBase"]
[SourceDate "2010.10.29"]
[SourceVersion "1"]
[SourceVersionDate "2010.10.29"]
[SourceQuality "1"]

1. d4 e6 2. e4 d5 3. Nd2 Nc6 4. Ngf3 Nf6 5. e5 Nd7 6. c3 f6 7. exf6 Qxf6 8. Bb5 Bd6 9. 0-0 0-0 10. Re1 e5 11. Bxc6 bxc6 12. dxe5 Nxe5 13. Nxe5 Bxe5 14. Qe2 Bd6 15. Nb3 Bg4 16. Qf1 Qh4 17. g3 Qh5 18. Be3 Bxg3 19. Qg2 Bd6 20. Bd4 g6 21. Be5 Bxe5 22. Rxe5 Qxe5 23. Qxg4 Rf5 24. h4 Raf8 25. Rf1 Rf4 26. Qh3 Qf5 27. Qxf5 R8xf5 28. Nd4 Re5 29. f3 c5 30. Nb5 c6 31. Nxa7 Re2 32. Nxc6 Rxh4 33. Rf2 Rxf2 34. Kxf2 Rh2+ 35. Ke3 Rxb2 36. Ne7+ Kf7 37. Nxd5 Rxa2 38. Kd3 Ra4 39. Nb6 Rh4 40. Nd5 c4+ 0-1

[Event "FRA-ch op-A"]
[Site "Belfort"]
[Date "2010.08.10"]
[Round "1"]
[White "Petitjean, Pierre"]
[Black "Milesi, Laurent"]
[Result "1/2-1/2"]
[WhiteElo "2023"]
[BlackElo "2148"]
[PlyCount "48"]
[EventDate "2010.08.09"]
[EventType "swiss"]
[EventRounds "11"]
[EventCountry "FRA"]
[SourceTitle "CBM 138 Extra"]
[Source "ChessBase"]
[SourceDate "2010.10.29"]
[SourceVersion "1"]
[SourceVersionDate "2010.10.29"]
[SourceQuality "1"]

1. d4 b6 2. e4 Bb7 3. Nc3 e6 4. Be3 Bb4 5. f3 f5 6. Bd3 fxe4 7. fxe4 Nf6 8. Bg5 0-0 9. Nf3 Qe8 10. Qe2 c5 11. dxc5 bxc5 12. Bd2 Bxc3 13. Bxc3 c4 14. Bxc4 Nxe4 15. Bd4 Qh5 16. 0-0-0 d5 17. Bd3 Nd7 18. Bxe4 dxe4 19. Ng1 Qe8 20. Nh3 Nf6 21. Rhf1 e5 22. Bc5 Qa4 23. Bxf8 Rxf8 24. Kb1 Ba6 1/2-1/2

[Event "FRA-chT2 0910"]
[Site "France"]
[Date "2010.01.24"]
[Round "7.6"]
[White "Diaz, Mickael"]
[Black "Milesi, Laurent"]
[Result "0-1"]
[WhiteElo "2231"]
[BlackElo "2124"]
[PlyCount "76"]
[EventDate "2009.09.27"]
[EventType "team-tourn"]
[EventRounds "11"]
[EventCountry "FRA"]
[SourceTitle "EXT 2011"]
[Source "ChessBase"]
[SourceDate "2010.11.26"]
[SourceVersion "1"]
[SourceVersionDate "2010.11.26"]
[SourceQuality "1"]

1. e4 b6 2. d4 Bb7 3. Bd3 e6 4. Nf3 c5 5. c3 Nf6 6. Qe2 Be7 7. 0-0 d5 8. e5 Nfd7 9. b3 Nc6 10. a3 g5 11. Be3 h5 12. Nbd2 g4 13. Ne1 Qc7 14. f3 f5 15. exf6 Nxf6 16. Bg5 Kd7 17. Nc2 Raf8 18. Rae1 Nd8 19. Kh1 Kc8 20. Bf5 Kb8 21. Bxe6 Bd6 22. f4 Ne4 23. Nxe4 dxe4 24. dxc5 Nxe6 25. cxd6 Qxd6 26. Qb5 Nc5 27. Ne3 Ba6 28. Qb4 Bxf1 29. Rxf1 Qd3 30. f5 Rf7 31. Rd1 Qe2 32. Qd4 Rc8 33. Bf4+ Ka8 34. b4 Rd7 35. Bd6 Nb7 36. Qxe4 Rxd6 37. Rf1 Rd3 38. Qe6 Rcd8 0-1

[Event "FRA-chT2 0910"]
[Site "France"]
[Date "2009.10.18"]
[Round "3.2"]
[White "Bedos, Michel"]
[Black "Milesi, Laurent"]
[Result "1-0"]
[WhiteElo "2277"]
[BlackElo "2120"]
[PlyCount "129"]
[EventDate "2009.09.27"]
[EventType "team-tourn"]
[EventRounds "11"]
[EventCountry "FRA"]
[SourceTitle "EXT 2011"]
[Source "ChessBase"]
[SourceDate "2010.11.26"]
[SourceVersion "1"]
[SourceVersionDate "2010.11.26"]
[SourceQuality "1"]

1. d4 b6 2. e4 Bb7 3. Bd3 e6 4. Nf3 c5 5. c3 Nf6 6. Qe2 Be7 7. 0-0 d5 8. e5 Nfd7 9. a3 Nc6 10. b4 c4 11. Bc2 a6 12. Nbd2 Qc7 13. Ne1 h5 14. f4 g6 15. Ndf3 Nf8 16. Be3 Kd7 17. Bf2 Qd8 18. Ng5 Bxg5 19. fxg5 Ne7 20. h4 Nf5 21. a4 Kc7 22. a5 b5 23. Nf3 Bc6 24. Nh2 Qe7 25. Qf3 Nd7 26. Qf4 Raf8 27. Be1 Kb7 28. Rf3 Rh7 29. Rh3 Rfh8 30. Kf1 Nb8 31. Ke2 Be8 32. Bd2 Nc6 33. Nf3 Qf8 34. Rah1 Nce7 35. Kd1 Qg7 36. Kc1 Ka7 37. Bd1 Kb7 38. Ng1 Ka7 39. Bf3 Bc6 40. Bd1 Be8 41. Nf3 Kb7 42. g3 Bd7 43. Ne1 Be8 44. Ng2 Bd7 45. Qf2 Qf8 46. Nf4 Ng7 47. g4 hxg4 48. Bxg4 Nef5 49. h5 Nxh5 50. Bxh5 gxh5 51. Rxh5 Qg7 52. Qf3 Kc6 53. R1h3 Rxh5 54. Rxh5 Rxh5 55. Qxh5 Ng3 56. Qh6 Nf5 57. Qf6 Qxf6 58. exf6 Nd6 59. Ne2 Be8 60. Ng1 Nf5 61. Nf3 Kb7 62. Bf4 Kc8 63. Kd1 Kd8 64. Ke1 Kd7 65. Ne5+ 1-0

[Event "FRA-chT2 0910"]
[Site "France"]
[Date "2009.10.17"]
[Round "2.5"]
[White "Milesi, Laurent"]
[Black "Marciniak, Gerard"]
[Result "1/2-1/2"]
[WhiteElo "2120"]
[BlackElo "2116"]
[PlyCount "90"]
[EventDate "2009.09.27"]
[EventType "team-tourn"]
[EventRounds "11"]
[EventCountry "FRA"]
[SourceTitle "EXT 2011"]
[Source "ChessBase"]
[SourceDate "2010.11.26"]
[SourceVersion "1"]
[SourceVersionDate "2010.11.26"]
[SourceQuality "1"]

1. b3 e5 2. Bb2 Nc6 3. e3 a6 4. c4 Nf6 5. a3 d5 6. cxd5 Nxd5 7. Qc2 Be6 8. Nf3 f6 9. d3 Be7 10. Nbd2 Rc8 11. Be2 0-0 12. 0-0 Qd7 13. Rac1 Rfd8 14. Rfd1 Nb6 15. Ne4 Na5 16. Nfd2 c5 17. Nc4 Naxc4 18. dxc4 Qc7 19. Nc3 f5 20. e4 Bg5 21. Ra1 Rf8 22. Bf3 Qf7 23. Rd6 Rc6 24. Rad1 Rxd6 25. Rxd6 Nc8 26. Rd1 b5 27. exf5 Bxf5 28. Qe2 bxc4 29. Qxe5 Re8 30. Qxc5 cxb3 31. Bc6 Rd8 32. Rxd8+ Bxd8 33. Bd5 Be6 34. Bxb3 Bb6 35. Qxc8+ Bxc8 36. Bxf7+ Kxf7 37. Nd5 Bc5 38. Nf4 Bf5 39. h4 g6 40. Kf1 Ke7 41. f3 h5 42. g4 hxg4 43. fxg4 Bxg4 44. Nxg6+ Ke6 45. Ne5 Bh3+ 1/2-1/2

[Event "FRA-chT2 0910"]
[Site "France"]
[Date "2009.10.04"]
[Round "1.7"]
[White "Gaubil, Olivier"]
[Black "Milesi, Laurent"]
[Result "1/2-1/2"]
[WhiteElo "2114"]
[BlackElo "2120"]
[PlyCount "49"]
[EventDate "2009.09.27"]
[EventType "team-tourn"]
[EventRounds "11"]
[EventCountry "FRA"]
[SourceTitle "EXT 2011"]
[Source "ChessBase"]
[SourceDate "2010.11.26"]
[SourceVersion "1"]
[SourceVersionDate "2010.11.26"]
[SourceQuality "1"]

1. Nf3 b6 2. d4 Bb7 3. g3 e6 4. c4 f5 5. Bg2 Nf6 6. Nc3 g6 7. 0-0 Bg7 8. d5 Na6 9. dxe6 dxe6 10. Ne5 Bxg2 11. Kxg2 Qxd1 12. Rxd1 Ne4 13. Nxe4 Bxe5 14. Ng5 Nc5 15. e4 0-0 16. Nf3 Bg7 17. e5 a5 18. Bg5 Rf7 19. Be3 Ne4 20. Rd3 h6 21. Rad1 g5 22. Rd8+ Rxd8 23. Rxd8+ Rf8 24. Rd7 Rf7 25. Rd8+ 1/2-1/2

[Event "FRA-ch op-A"]
[Site "Nimes"]
[Date "2009.08.19"]
[Round "8"]
[White "Milesi, Laurent"]
[Black "Girard, Eric"]
[Result "1/2-1/2"]
[WhiteElo "2091"]
[BlackElo "2150"]
[PlyCount "56"]
[EventDate "2009.08.11"]
[EventType "swiss"]
[EventRounds "11"]
[EventCountry "FRA"]
[SourceTitle "CBM 132 Extra"]
[Source "ChessBase"]
[SourceDate "2009.11.03"]
[SourceVersion "1"]
[SourceVersionDate "2009.11.03"]
[SourceQuality "1"]

1. b3 e6 2. Bb2 f5 3. c4 Nf6 4. g3 Be7 5. Bg2 0-0 6. Nf3 d6 7. 0-0 Qe8 8. d4 Ne4 9. Nc3 Nxc3 10. Bxc3 Bf6 11. Qc2 e5 12. dxe5 dxe5 13. e4 Nc6 14. exf5 Qh5 15. Qb2 Qxf5 16. Rae1 Re8 17. Re3 Bd7 18. Rfe1 Nd4 19. Nxd4 exd4 20. Bd5+ Kh8 21. Rxe8+ Rxe8 22. Rxe8+ Bxe8 23. Bxd4 c6 24. Bxf6 gxf6 25. Bg2 Bg6 26. h3 Qb1+ 27. Qxb1 Bxb1 28. b4 Bxa2 1/2-1/2

[Event "Saint Affrique op 17th"]
[Site "Saint Affrique"]
[Date "2009.07.23"]
[Round "7"]
[White "Milesi, Laurent"]
[Black "Mancini, Mario"]
[Result "1-0"]
[WhiteElo "2091"]
[BlackElo "2269"]
[PlyCount "85"]
[EventDate "2009.07.18"]
[EventType "swiss"]
[EventRounds "9"]
[EventCountry "FRA"]
[SourceTitle "EXT 2010"]
[Source "ChessBase"]
[SourceDate "2010.11.25"]
[SourceVersion "1"]
[SourceVersionDate "2010.11.25"]
[SourceQuality "1"]

1. b3 e5 2. Bb2 Nc6 3. e3 Nf6 4. c4 d5 5. cxd5 Nxd5 6. a3 Bd6 7. Qc2 0-0 8. Nf3 Qe7 9. d3 Kh8 10. Nbd2 f5 11. Be2 Be6 12. 0-0 a5 13. Rfe1 Bg8 14. Bf1 Qf7 15. g3 h6 16. Bg2 Rae8 17. Rac1 Bh7 18. Nc4 e4 19. Nxd6 cxd6 20. Nd2 Qe7 21. Red1 Nc7 22. dxe4 fxe4 23. Nc4 d5 24. Nxa5 Nxa5 25. Qxc7 Qf7 26. Qxf7 Rxf7 27. Rxd5 Nc6 28. Rcd1 Bf5 29. b4 Kh7 30. h3 Bg6 31. Rd7 Ree7 32. Rxe7 Rxe7 33. Bc3 Rc7 34. b5 Na7 35. Be5 Re7 36. Rd5 h5 37. Bd4 Nc8 38. Kh2 b6 39. Re5 Rxe5 40. Bxe5 Ne7 41. Bd4 Nd5 42. a4 Kg8 43. f3 1-0

[Event "FRA-ch op-A"]
[Site "Pau"]
[Date "2008.08.19"]
[Round "7"]
[White "Milesi, Laurent"]
[Black "Ane, Regis"]
[Result "1-0"]
[WhiteElo "2145"]
[BlackElo "1993"]
[PlyCount "65"]
[EventDate "2008.08.11"]
[EventType "swiss"]
[EventRounds "9"]
[EventCountry "FRA"]
[SourceTitle "CBM 126 Extra"]
[Source "ChessBase"]
[SourceDate "2008.11.05"]
[SourceVersion "1"]
[SourceVersionDate "2008.11.05"]
[SourceQuality "1"]

1. e4 c5 2. Nf3 e6 3. d4 cxd4 4. Nxd4 Nf6 5. Nc3 d6 6. Be2 Be7 7. 0-0 a6 8. Be3 Qc7 9. f4 Nc6 10. Qe1 0-0 11. Qg3 Nxd4 12. Bxd4 b5 13. a3 Bb7 14. Rae1 Rac8 15. Kh1 Bc6 16. Bd3 g6 17. f5 e5 18. Be3 Kg7 19. Qh4 h5 20. Bg5 Qd8 21. Rf3 d5 22. exd5 Bxd5 23. Nxd5 Qxd5 24. Ref1 Rc6 25. Be4 Nxe4 26. Bxe7 Re8 27. fxg6 fxg6 28. Bf8+ Kg8 29. Bb4 Nc5 30. Qg5 Nd7 31. h4 Kg7 32. Bd2 Rg8 33. Qh6# 1-0

[Event "FRA-ch op-A"]
[Site "Aix les Bains"]
[Date "2007.08.24"]
[Round "10"]
[White "Fischer, Marc"]
[Black "Milesi, Laurent"]
[Result "1/2-1/2"]
[WhiteElo "2183"]
[BlackElo "2103"]
[PlyCount "70"]
[EventDate "2007.08.13"]
[EventType "swiss"]
[EventRounds "11"]
[EventCountry "FRA"]
[SourceTitle "CBM 120 Extra"]
[Source "ChessBase"]
[SourceDate "2007.11.01"]
[SourceVersion "1"]
[SourceVersionDate "2007.11.01"]
[SourceQuality "1"]

1. d4 b6 2. e4 Bb7 3. Nc3 e6 4. Be3 Bb4 5. f3 Bxc3+ 6. bxc3 Ne7 7. Bd3 0-0 8. Ne2 f5 9. 0-0 Nbc6 10. e5 Qe8 11. c4 h6 12. Qe1 g5 13. f4 g4 14. Nc3 Nb4 15. Nb5 Nxd3 16. cxd3 Qh5 17. Nxc7 Rac8 18. Nb5 Ng6 19. Nd6 Bc6 20. Nxc8 Rxc8 21. Rc1 Re8 22. Qg3 Ne7 23. Rb1 Qf7 24. Bd2 Ng6 25. h3 h5 26. h4 Qe7 27. Be1 Qa3 28. Rf2 Kf7 29. Rfb2 Rg8 30. Qe3 g3 31. Qxg3 Nxe5 32. Bb4 Rxg3 33. Bxa3 Nxd3 34. Kh2 Rg4 35. g3 Nxb2 1/2-1/2

[Event "Provence-ch 0607"]
[Site "Provence"]
[Date "2007.04.29"]
[Round "9"]
[White "Milesi, Laurent"]
[Black "Dimitrov, Christo"]
[Result "0-1"]
[WhiteElo "2087"]
[BlackElo "2259"]
[PlyCount "62"]
[EventDate "2007.01.27"]
[EventType "tourn"]
[EventRounds "9"]
[EventCountry "FRA"]
[SourceTitle "EXT 2008"]
[Source "ChessBase"]
[SourceDate "2007.11.25"]
[SourceVersion "1"]
[SourceVersionDate "2007.11.25"]
[SourceQuality "1"]

1. e4 c5 2. Nf3 d6 3. d4 cxd4 4. Nxd4 Nf6 5. Nc3 a6 6. Bc4 e6 7. Bb3 Nbd7 8. f4 Nc5 9. Qf3 Be7 10. 0-0 0-0 11. Be3 Qc7 12. g4 b5 13. g5 Nfxe4 14. Nxe4 Bb7 15. Nxe6 Nxe6 16. Rad1 Rfe8 17. g6 hxg6 18. Bxe6 fxe6 19. Qg4 Kf7 20. f5 exf5 21. Rxf5+ gxf5 22. Qxf5+ Kg8 23. Qe6+ Kh8 24. Qh3+ Bh4 25. Qxh4+ Kg8 26. Ng5 Qxc2 27. Rd2 Qb1+ 28. Kf2 Re5 29. Rxd6 Rf8+ 30. Ke2 Qc2+ 31. Rd2 Rxe3+ 0-1

[Event "Pierrevert op 5th"]
[Site "Pierrevert"]
[Date "2007.04.17"]
[Round "4"]
[White "De la Forest, Laurent"]
[Black "Milesi, Laurent"]
[Result "1/2-1/2"]
[WhiteElo "1835"]
[BlackElo "2087"]
[PlyCount "29"]
[EventDate "2007.04.15"]
[EventType "swiss"]
[EventRounds "9"]
[EventCountry "FRA"]
[SourceTitle "CBM 118 Extra"]
[Source "ChessBase"]
[SourceDate "2007.07.04"]
[SourceVersion "1"]
[SourceVersionDate "2007.07.04"]
[SourceQuality "1"]

1. e4 c5 2. Nf3 e6 3. d4 cxd4 4. Nxd4 a6 5. Bd3 Bc5 6. Nb3 Be7 7. 0-0 Qc7 8. Nc3 d6 9. f4 Nf6 10. e5 dxe5 11. fxe5 Qxe5 12. Bf4 Qh5 13. Be2 Qg6 14. Bd3 Qh5 15. Be2 1/2-1/2

[Event "Pierrevert op 5th"]
[Site "Pierrevert"]
[Date "2007.04.17"]
[Round "5"]
[White "Milesi, Laurent"]
[Black "Wolfangel, Claude"]
[Result "1-0"]
[WhiteElo "2087"]
[BlackElo "1825"]
[PlyCount "31"]
[EventDate "2007.04.15"]
[EventType "swiss"]
[EventRounds "9"]
[EventCountry "FRA"]
[SourceTitle "CBM 118 Extra"]
[Source "ChessBase"]
[SourceDate "2007.07.04"]
[SourceVersion "1"]
[SourceVersionDate "2007.07.04"]
[SourceQuality "1"]

1. e4 d5 2. exd5 Nf6 3. d4 Nxd5 4. Nf3 Nc6 5. c4 Nf6 6. h3 Bf5 7. d5 Bxb1 8. Rxb1 Nb8 9. Qb3 Qc8 10. Bd3 e6 11. 0-0 Be7 12. dxe6 Qxe6 13. Qxb7 Qc6 14. Qc8+ Bd8 15. Re1+ Kf8 16. Qxd8+ 1-0

[Event "Pierrevert op 5th"]
[Site "Pierrevert"]
[Date "2007.04.16"]
[Round "2"]
[White "Milesi, Laurent"]
[Black "Champourlier, Christian"]
[Result "1-0"]
[WhiteElo "2087"]
[BlackElo "1830"]
[PlyCount "75"]
[EventDate "2007.04.15"]
[EventType "swiss"]
[EventRounds "9"]
[EventCountry "FRA"]
[SourceTitle "CBM 118 Extra"]
[Source "ChessBase"]
[SourceDate "2007.07.04"]
[SourceVersion "1"]
[SourceVersionDate "2007.07.04"]
[SourceQuality "1"]

1. e4 c6 2. d4 d5 3. Nd2 dxe4 4. Nxe4 Bf5 5. Ng3 Bg6 6. h4 h6 7. Nf3 Nd7 8. h5 Bh7 9. Bd3 Bxd3 10. Qxd3 Qc7 11. Bd2 e6 12. Ne4 Ngf6 13. 0-0-0 Nxe4 14. Qxe4 Nf6 15. Qe2 0-0-0 16. g3 Bd6 17. c4 c5 18. Bc3 cxd4 19. Nxd4 a6 20. Nb3 Qc6 21. Rh4 Bc7 22. Nd4 Qc5 23. f4 Rd7 24. Rhh1 Rhd8 25. b4 Qe7 26. Rd3 Qf8 27. Rhd1 Qe8 28. a4 Bb6 29. a5 Bc7 30. b5 Qf8 31. bxa6 bxa6 32. Qf3 Qa3+ 33. Bb2 Qxa5 34. Qa8+ Bb8 35. Rb3 Rxd4 36. Qxb8+ Kd7 37. Rxd4+ Ke8 38. Rxd8+ 1-0

[Event "Pierrevert op 5th"]
[Site "Pierrevert"]
[Date "2007.04.16"]
[Round "3"]
[White "Milesi, Laurent"]
[Black "Guidarelli, Laurent"]
[Result "0-1"]
[WhiteElo "2087"]
[BlackElo "2458"]
[PlyCount "54"]
[EventDate "2007.04.15"]
[EventType "swiss"]
[EventRounds "9"]
[EventCountry "FRA"]
[SourceTitle "CBM 118 Extra"]
[Source "ChessBase"]
[SourceDate "2007.07.04"]
[SourceVersion "1"]
[SourceVersionDate "2007.07.04"]
[SourceQuality "1"]

1. e4 c5 2. Nf3 e6 3. d4 cxd4 4. Nxd4 Nf6 5. Nc3 d6 6. Be2 a6 7. 0-0 Be7 8. f4 0-0 9. Be3 Qc7 10. Qe1 b5 11. a3 Bb7 12. Bd3 Ng4 13. Kh1 Nxe3 14. Qxe3 Bf6 15. Nce2 Nd7 16. c3 g6 17. Rad1 e5 18. Nf3 Rae8 19. Bb1 Nc5 20. Ng3 d5 21. fxe5 Bxe5 22. Nxe5 Rxe5 23. Qh6 dxe4 24. Rf4 Rd8 25. Rdf1 Bd5 26. h4 Qe7 27. Rf6 Bc4 0-1